Ο οδηγός της Microsoft για την Microsoft Access 97
Saved in:
| Main Author: | |
|---|---|
| Format: | Book |
| Language: | English |
| Published: |
Αθήνα :
Κλειδάριθμος,
c1997.
|
| Subjects: | |
| Tags: |
Add Tag
No Tags, Be the first to tag this record!
|
MARC
| LEADER | 00000cam a2200000 i 4500 | ||
|---|---|---|---|
| 001 | 1/67902 | ||
| 008 | 981022s1997 gr | ||| |||| ||eng|| | ||
| 020 | |a 9603320749 | ||
| 035 | |l 10030096 | ||
| 040 | |a GR-MyUa |b gre |e AACR2 | ||
| 041 | 0 | |a eng | |
| 082 | 7 | |a 005.7565 |2 (22) | |
| 100 | 1 | |a Viescas, John, |d 1947- | |
| 245 | 1 | 2 | |a Ο οδηγός της Microsoft για την Microsoft Access 97 / |c John L. Viescas. |
| 260 | |a Αθήνα : |b Κλειδάριθμος, |c c1997. | ||
| 300 | |a 1125 σ. ; |c 25 εκ. + |e 1 οπτική δισκέτα λέιζερ Η/Υ (4 3/4 ίν.) | ||
| 500 | |a Περιλαμβάνει λεξικό όρων. | ||
| 500 | |a Μετάφραση του: Running Microsoft Access 97. | ||
| 500 | |a Περιλαμβάνει ευρετήριο. | ||
| 630 | 0 | 0 | |a Microsoft Access. |
| 650 | 0 | |a Database management. | |
| 852 | |a INST |b CHIOS |e 19981022 |h 005.7565 VIE |p 005200015429 |q 005200015429 |t BK |y 0 | ||
| 852 | |a INST |b CHIOS |e 19981022 |h 005.7565 VIE |p 005200015430 |q 005200015430 |t BK |y 0 | ||
| 852 | |a INST |b CHIOS |e 19981022 |h 005.7565 VIE |p 005200015445 |q 005200015445 |t BK |y 0 | ||
| 852 | |a INST |b CHIOS |e 19981022 |h 005.7565 VIE |p 005200015446 |q 005200015446 |t BK |y 0 | ||
| 852 | |a INST |b CHIOS |e 19981022 |h 005.7565 VIE |p 005200015447 |q 005200015447 |t BK |y 0 | ||
| 852 | |a INST |b CHIOS |e 19981022 |h 005.7565 VIE |p 005200015448 |q 005200015448 |t BK |y 0 | ||
| 852 | |a INST |b CHIOS |e 19981022 |h 005.7565 VIE |p 005200014052 |q 005200014052 |t BK |y 0 | ||
| 852 | |a INST |b CHIOS |e 19981022 |h 005.7565 VIE |p 005200014053 |q 005200014053 |t BK |y 0 | ||
| 852 | |a INST |b CHIOS |e 19981022 |h 005.7565 VIE |p 005200014059 |q 005200014059 |t BK |y 0 | ||
| 852 | |a INST |b CHIOS |e 19981022 |h 005.7565 VIE |p 005200014060 |q 005200014060 |t BK |y 0 | ||
| 852 | |a INST |b CHIOS |e 19981022 |h 005.7565 VIE |p 005200014064 |q 005200014064 |t BK |y 0 | ||
| 852 | |a INST |b CHIOS |e 19981022 |h 005.7565 VIE |p 005200023013 |q 005200023013 |t BK |y 12 | ||
| 901 | |a BIBL-1998-3 | ||
| 922 | |a 2ΔΩΡ |b 199810 |c ΤΔΕ |d ΚΛΕΙΔΑΡΙΘΜΟΣ | ||